Opšta privredna ravnoteža
Na minha lista:
| Autor principal: | |
|---|---|
| Outros Autores: | |
| Formato: | Livro |
| Idioma: | sérvio |
| Publicado em: |
Beograd
Savezni zavod za statistiku
1990
|
| Edição: | 1. izd. |
| Colecção: | Studije, analize i prikazi
126 |
| Tags: |
Sem tags, seja o primeiro a adicionar uma tag!
|
MARC
| LEADER | 00000nam a2200000 4500 | ||
|---|---|---|---|
| 001 | c021939 | ||
| 005 | 20250701083548.2 | ||
| 041 | 0 | |a srp | |
| 044 | |a YU | ||
| 245 | 1 | 0 | |a Opšta privredna ravnoteža |c Dušan Vujovic, Miroljub Labus |
| 250 | |a 1. izd. | ||
| 264 | 1 | |a Beograd |b Savezni zavod za statistiku |c 1990 | |
| 300 | |a 319 s. | ||
| 490 | 1 | |a Studije, analize i prikazi |v 126 | |
| 830 | 0 | |a Studije, analize i prikazi |v 126 | |
| 100 | 1 | |a Vujovic, Dušan | |
| 700 | 1 | |a Labus, Miroljub | |